000 02253nam a2200457 c 4500
003 BLK
005 20240706005357.0
008 180409b bul|||||r ||||||| ||bul||
010 _aKNG00140964000
020 _a978-954-431-575-7
_bиздат.: Златното пате
040 _aBLK
041 _aBUL
_cBUL
072 7 _2bullib
_aН85
_xДетска художествена литература Н
080 _aНемска литература
_b821.112.2
_x-93-91
_z821.112.2-93-91
700 1 _aБратя Грим
_eпо
_9368076
700 _aЗлатарева, Галина Йорданова
_d1954
_9363759
700 _aГеоргиев, Галин Николаев
_9368580
700 1 _aКнязева, Светлана Ангелова
_eхудож.
_9367584
700 _aЗлатарева, Галина Йорданова
_d1954
_9363759
139 _aСнежанка и седемте джуджета
_bС 48
245 1 0 _aСнежанка и седемте джуджета
_bПанорамна кн.
_cпо Братя Грим; адапт. Галина Златина; * Галина Йорданова Златарева; худож. Галин Николаев Георгиев; худож. Светлана Ангелова Князева.
257 _aDEU
260 София
_bЗлатното пате
_c2011
_fСофия : Образование и просвета
300 _a10 с.
_bс цв. ил.
_c20Х17 см
380 _aDX
490 1 _aПриказките, без които не можем
500 _aКор. опис. - Галина Златина - псевд. на Галина Йорданова Златарева. - Кн. отпеч. на ламиниран картон.
653 _aприказки
653 _aпанорамни книги
653 _aкнижки-картинки
653 _aадаптирани книги
653 _aлитература за деца
653 _aдетска литература
659 _aН
852 _aЦб 258817
856 4 _qpdf
_u
856 4 _qpdf
_u
942 _cKNG
_n0
_08
944 _aCR
_c18.03.2013
_lCRON CRON
_k
944 _aED
_c19.10.2016
_lф /
_kЛюдмила_Стоянова
999 _c135043
_d135043